00393nam a2200109Ia 4500008004100000082001500041100002700056245007900083260003900162630001800201650006400219211109s9999||||xx |||||||||||||| ||und|| a341bPAN-I aPanikkar, Sardar K M,  0aInter-Statal Law The Law Affecting The Relations Of The Indian States With bNATIONAL BOOKSTALLaKottayamc1900 xGeneral Stack aSocial SciencesvLawLaw of nationsLaw of nationsxGeneralia